The barns of Maine : our history, our stories /

This book tells the story of Maine barns, as well as the Mainers who have worked in, worked on and even resided in Maine's barns.

Bibliographic Details
Main Author: Perkins, Don, 1970-
Format: Book
Language:English
Published: Charleston, S.C. : History Press, 2012.
Subjects:

MARC

Tag First Indicator Second Indicator Subfields
LEADER 00000cam a2200000 i 4500
001 in00002782909
005 20150922150429.0
008 120827t20122012scuaf 000 0 eng
010 |a  2012034050 
020 |a 9781609495268 (pbk.) 
020 |a 1609495268 (pbk.) 
035 |a (OCoLC)ocn808628368 
040 |a DLC  |e rda  |c DLC  |d UtOrBLW 
043 |a n-us-me 
049 |a TXAM 
050 0 0 |a NA8230  |b .P46 2012 
082 0 0 |a 725/.37209741  |2 23 
100 1 |a Perkins, Don,  |d 1970- 
245 1 4 |a The barns of Maine :  |b our history, our stories /  |c Don Perkins. 
264 1 |a Charleston, S.C. :  |b History Press,  |c 2012. 
264 4 |a ©2012 
300 |a 187 pages, 16 pages of unnumbered of colored plates :  |b illustrations ;  |c 23 cm. 
336 |a text  |b txt  |2 rdacontent 
337 |a unmediated  |b n  |2 rdamedia 
338 |a volume  |b nc  |2 rdacarrier 
520 |a This book tells the story of Maine barns, as well as the Mainers who have worked in, worked on and even resided in Maine's barns. 
650 0 |a Barns  |z Maine. 
945 |a PromptCat 
946 |a stk 
947 |a A14835930415 
948 |a cataloged  |b h  |c 2012/12/6  |d c  |e dmitchel  |f 12:00:00 pm 
994 |a 92  |b TXA 
999 |a MARS 
999 f f |s e9cc5b8d-edd0-365f-86c0-041e37587fb0  |i 8d58ca8a-f374-36a7-9e5d-f63b0f49b62c  |t 0 
952 f f |p ric  |a Texas A&M University  |b Rellis Campus  |c Joint Library Facility  |d Remote Storage  |t 0  |e NA8230 .P46 2012  |h Library of Congress classification  |i unmediated -- volume  |m A14835930415 
998 f f |a NA8230 .P46 2012  |t 0  |l Remote Storage